000 01045cam a2200277 4500
008 090401t1995 xxu||||| |||| 00| 0 eng d
020 _a0906182921
035 _a(Sirsi) u21759
041 _aeng
050 _a690.24
100 _aBobbett, Ian
245 _aCondition assessment surveys.
260 _aKingston upon Thames
_bBuilding Maintenance Information
_c1995
300 _a24p. ; 30cm.
350 _a0
490 _aBMI Special Report
_v239
520 _aThis item is part of a subscription service and cannot be photocopied. Neither can be any part of it be read out over the phone. Please contact BMI direct on 0171 222 7000 for details. Based on BMI Special Report 167.
650 _aBUILT ENVIRONMENT-BUILDING MAINTENANCE AND REFURBISHMENT
650 _aCONDITION ASSESSMENT SURVEYS
650 _aCONDITION SURVEYS
650 _aFACILITIES MANAGEMENT
_96240
690 _aBUILDING AND CONSTRUCTION-REPAIRS AND MAINTENANCE
710 _aBuilding Maintenance Information
_93229
942 _n0
948 _c04/03/1997
999 _c88052
_d88052